| 000 | 00964nam a2200289Ia 4500 | ||
|---|---|---|---|
| 005 | 20250425161900.0 | ||
| 008 | 250425s9999 xx 000 0 und d | ||
| 020 | _a9701016939 | ||
| 041 | _aspa | ||
| 043 | _amx | ||
| 082 | _a658.4012 | ||
| 100 | _aTHOMPSON, ARTHUR A. | ||
| 245 | 0 | _aDIRECCION Y ADMINISTRACION ESTRATEGICAS: CONCEPTOS, CASOS Y LECTURAS | |
| 250 | _a1A ED. | ||
| 260 |
_aMéxico _bMCGRAW-HILL INTERAMERICANA EDITORES, S.A. DE C.V. _c1998 |
||
| 260 | _aS.L. | ||
| 300 | _a1034 | ||
| 500 | _aTítulo Traducido: STRATEGIC MANAGEMENT :CONCEPTS AND CASES;STRATEGY FORMULATION AND IMPLEMENTATION | ||
| 650 | _aADMINISTRACION FINANCIERA | ||
| 650 | _aDIRECCION Y ADMINISTRACION | ||
| 650 | _aDIRECCIONAMIENTO ESTRATEGICO | ||
| 650 | _aGESTION ESTRATEGICA | ||
| 700 |
_aPATRICIA IBARRA COLADO Y MIGUEL ANGEL SANCHEZ CARR _etraductor |
||
| 710 | _aMCGRAW-HILL INTERAMERICANA EDITORES, S.A. DE C.V. | ||
| 942 | _c01 | ||
| 010 | _a33542 | ||
| 999 |
_c218065 _d218065 |
||